Most Generous Countries - Statistics

General Stats
  • This quiz has been taken 318 times
  • The average score is 12 of 20
Answer Stats
# World Giving Index Score Country % Correct
1 61 United States
99%
2 58 Canada
94%
6 57 United Kingdom
93%
7 55 Australia
91%
11 48 Norway
86%
20 43 Italy
82%
8 54 Netherlands
80%
4 58 New Zealand
79%
13 47 Switzerland
76%
15 45 Austria
73%
5 57 Ireland
73%
17 44 Iceland
67%
18 44 Indonesia
43%
9 51 Qatar
34%
16 45 Philippines
30%
12 47 Malta
22%
19 44 Nigeria
17%
3 58 Myanmar
13%
10 48 Sri Lanka
13%
14 46 Libya
6%
No matching quizzes found
Score Distribution
Percent of People with Each Score
Percentile by Number Answered
Your Score History
You have not taken this quiz